01305nam a22003377a 4500003000500000005001700005008004100022010001000063011001000073035001000083040000900093090001000102100004000112245011400152260003700266300001100303502013300314590003700447590004100484590004100525590004100566590004200607650004100649650003600690650003600726901000700762942001000769949004300779999001700822952012800839CHAP20220329140334.0971013s1980 r 00010 d a50637 a51609 a55759 cCHAP aTesis00aRodríguez Flores, Antonio.998478 aEstudio epizootiológico de la prevalencia de tuberculosis bovina en ganado lechero del municipio de Durango aDurango, Dgo. :bEl autor,c1980 a(s.p.) aTesis (Médico Veterinario Zootecnista) -- Universidad Juárez del Estado Durango. Escuela de Medicina Veterinaria y Zootecnia aALEPHb10c20130110lUCH01h1325 aBATCH-UPDb10c20130110lUCH01h0732 aBATCH-UPDb10c20130410lUCH01h0415 aBATCH-UPDb10c20130914lUCH01h1516 aCONVERSIONb10c20130109lUCH01h132714aGanado lecheroxEnfermedades.94526014aGanado lecherozDurango.94531214aTuberculosis en ganado.9115475 aBK cTESIS bBCcTESd-122181eTS1h17205i55759si c50637d50637 00102local4051708TESISaBCbBCcPA_TESISd2019-12-31fTESISl0oTesisp-122181r2019-12-31 00:00:00w2019-12-31yTESIS